[Event "SCO Open 2018"]
[Site "Xingtai"]
[Date "2018.10.20"]
[Round "7"]
[White "Dai, Changren"]
[Black "Li, Di"]
[Result "1/2-1/2"]
[WhiteElo "2433"]
[BlackElo "2467"]
[Annotator "TA"]
[PlyCount "71"]
[EventDate "2018.??.??"]
[EventCountry "CHN"]
[SourceTitle "playchess.com"]
[Source "ChessBase"]
[SourceQuality "1"]

{[%evp 17,71,6,0,4,17,19,19,23,35,38,41,41,38,28,56,35,54,66,77,37,38,0,0,0,0,3,0,-23,-29,-39,-29,-27,-20,-27,-28,-29,-28,-34,-20,-32,-16,-16,-15,-16,-16,-16,-16,-26,-18,-16,-14,-16,-6,-8,0,0]} 1. e4 e5 2. Nf3 Nf6 3. Nc3 Nc6 4. Bb5 Bb4 5. O-O O-O 6. d3 Bxc3 7. bxc3 d6 8. Bg5 Bd7 9. Rb1 a6 10. Ba4 {C49: Four Knights: 4 Bb5 Bb4} Rb8 (10... b5 11. Bb3 h6 12. Bh4 Na5 13. h3 Re8 14. Qc1 Qe7 15. Re1 Nxb3 16. cxb3 Qe6 17. Qd1 c5 {1-0 (53) Wei,Y (2734)-Bu,X (2718) Ningbo 2018}) 11. Bb3 h6 12. Bh4 Na5 13. d4 {[%cal Bd3d4,Bd4d5][%mdl 32]} Nxb3 14. cxb3 Bc6 $146 ({Predecessor:} 14... g5 15. Nxg5 Nxe4 16. Nf3 Ng5 17. Bxg5 hxg5 18. dxe5 {½-½ (47) Triapishko,O (2500)-Ovod,E (2380) Moscow 2017}) 15. Re1 Qe7 16. Qd3 Kh8 17. c4 Rbe8 18. d5 Bd7 19. c5 g5 $1 {[%cal Rg5h4]} 20. Bg3 Nh5 {Threatens to win with ...f5.} 21. cxd6 cxd6 {aiming for ...f5.} 22. Nd2 f5 {[%cal Bf7f5,Bf5f4][%mdl 32]} 23. f3 f4 24. Bf2 g4 25. fxg4 Bxg4 26. Nf3 Rg8 27. Kh1 Rg7 28. Rb2 Reg8 29. Rc1 Qf7 30. Bh4 Nf6 31. Bxf6 Qxf6 32. Rbc2 Bh5 33. Qf1 {The position is equal.} Qg6 34. Re1 Qg4 35. Rec1 Qd7 36. Nh4 {Precision: White = 65%, Black = 52%.} 1/2-1/2

[Event "SCO Open 2018"]
[Site "Xingtai"]
[Date "2018.10.20"]
[Round "7"]
[White "Chen, Qi b"]
[Black "Nigmatov, Ortik"]
[Result "1-0"]
[WhiteElo "2425"]
[BlackElo "2456"]
[Annotator "TA"]
[PlyCount "83"]
[EventDate "2018.??.??"]
[EventCountry "CHN"]
[SourceTitle "playchess.com"]
[Source "ChessBase"]
[SourceQuality "1"]

{[%evp 19,83,34,39,33,47,25,50,0,15,-16,-22,-13,0,-9,61,6,21,13,18,0,0,4,33,31,82,82,79,81,140,59,63,70,62,63,62,50,68,78,83,67,137,87,149,40,76,47,79,62,45,37,64,34,347,355,242,312,602,601,6295,6379,1344,6287,2543,1570,12833,1006]} 1. e4 c5 2. Nf3 d6 3. d4 cxd4 4. Nxd4 Nf6 5. Nc3 e6 {[%cal Be7e6,Be6e5][%mdl 32]} 6. g4 e5 7. Bb5+ Bd7 8. Bxd7+ Qxd7 9. Nf5 h5 10. gxh5 Nxh5 {LiveBook: 62 Games. B81: Sicilian Scheveningen: Keres Attack} 11. Ng3 g6 12. Be3 Na6 $146 {White has an edge.} ({Predecessor:} 12... Bg7 13. Qf3 Nc6 14. Nd5 Nf4 15. Nc3 Nd4 16. Bxd4 exd4 17. Nce2 Nxe2 18. Nxe2 Rh3 19. Ng3 Rc8 20. Qb3 Qg4 21. Rd1 Be5 22. Rd2 Rxg3 {0-1 (22) Lintchevski,D (2539)-Kurnosov,I (2653) Olginka 2011}) 13. Qe2 Nf4 14. Qf3 Rh4 15. O-O-O Nc7 16. Kb1 Qc6 (16... Be7 $11) 17. Bxf4 (17. Nge2 $14) 17... Rxf4 18. Qe2 Rh4 19. Nd5 Nxd5 20. Rxd5 Rc8 21. f3 f5 (21... Be7 $14) 22. Qd1 $16 f4 23. Ne2 Qb6 (23... Be7 $142) 24. Qe1 (24. Rd3 $16) 24... Be7 $14 25. Rd3 Kf7 26. Nc3 Qc6 27. Qf2 Rch8 28. Nd5 Bd8 29. Rc3 Qa6 (29... Qb5 $14) 30. a3 Qa4 {[#]} (30... g5 $142) 31. Ka2 ({White should play} 31. b3 $1 $16 {[%cal Rb3a4]} Qxa3 32. Rc8) 31... b6 32. Qe2 Qd7 33. Qa6 {Rc8 is the strong threat.} Rxh2 34. Rxh2 Rxh2 35. Rc8 $36 {[%mdl 2048] Threatens to win with Ra8. White is more active.} g5 $2 {[%mdl 8192]} ({Black should try} 35... Rh7 $1 $14) 36. Ra8 $18 Kg6 37. Rxa7 Qc6 $2 {[#]} (37... Qe6 38. Qb7 Bf6 39. Qxb6 g4 40. fxg4 Kg5) 38. Rc7 $1 {[%mdl 512] White is clearly winning.} Qe8 (38... Bxc7 39. Ne7+) 39. Qc8 {White threatens Qf5+ and mate.} Rh8 40. Qf5+ Kh6 41. Rd7 Qf8 {[#]} 42. Rh7+ $1 {[%mdl 512] Precision: White = 41%, Black = 39%.} 1-0

[Event "SCO Open 2018"]
[Site "Xingtai"]
[Date "2018.10.20"]
[Round "7"]
[White "Khoroshev, Nikita"]
[Black "Tan, Zhongyi"]
[Result "1-0"]
[WhiteElo "2416"]
[BlackElo "2527"]
[Annotator "TA"]
[PlyCount "107"]
[EventDate "2018.??.??"]
[EventCountry "CHN"]
[SourceTitle "playchess.com"]
[Source "ChessBase"]
[SourceQuality "1"]

{[%evp 12,107,8,9,14,0,27,0,5,0,0,-12,-6,-6,24,0,0,5,0,-6,-18,-6,-6,-13,-6,-13,-9,-10,0,0,2,0,0,0,0,0,0,0,1,0,0,0,4,0,0,0,0,0,0,0,25,24,27,27,1141,1062,1398,1472,1350,1340,1144,1117,1115,1000,29963,29967,29968,29969,29968,29970,29969,29970,29970,29971,29973,29974,29974,29975,29970,29975,29975,29976,29975,29976,29977,29979,29981,29982,29982,29983,29985,29986,29987,29988,29988,29989,29990,29991]} 1. Nf3 d5 2. b3 Bg4 3. e3 Nd7 4. Bb2 Ngf6 5. d4 e6 6. Nbd2 Bd6 7. Be2 O-O {A06: Réti Opening:1 Nf3 d5} 8. h3 Bxf3 $146 ({Predecessor:} 8... Bh5 9. O-O c6 10. c4 Qe7 11. Ne5 Bxe2 12. Qxe2 Rad8 13. Rad1 Bb4 14. Nxd7 Rxd7 15. Qd3 h6 16. Bc3 Bxc3 17. Qxc3 c5 18. Nf3 Rc8 19. cxd5 Nxd5 {½-½ (30) Drazic,S (2421)-Jovanic,O (2520) Nova Gorica 2014}) 9. Bxf3 e5 {The position is equal.} 10. dxe5 Bxe5 11. Qc1 Qe7 12. O-O Ne4 13. c4 (13. Bxe5 {with more complications.} Qxe5 14. c4 c6 15. Qc2 Nd6 16. Rfd1) 13... Bxb2 14. Qxb2 Ne5 {And now ...Qf6 would win.} 15. Nxe4 Nxf3+ 16. gxf3 dxe4 17. fxe4 Qxe4 18. Qd4 Qe6 (18... Qg6+ {is more complex.} 19. Qg4 a5 20. Rfd1 Qc2 21. Rdc1 Qb2) 19. Qg4 Rfd8 20. Rfd1 a5 {[%cal Ba7a5,Ba5a4][%mdl 32]} (20... Qe7 {seems wilder.} 21. h4 c6 22. h5 h6 23. Rxd8+ Rxd8 24. Rd1 Rxd1+ 25. Qxd1 g6) 21. Qxe6 fxe6 $11 {[%mdl 4096] Endgame KRR-KRR} 22. f4 Kf7 23. Kf2 a4 24. b4 Ke7 25. Ke2 b6 26. a3 Rd6 27. Rd4 Rad8 28. Rad1 Rxd4 29. exd4 {KR-KR} Rf8 30. Rg1 g6 31. Ke3 Rf5 32. Rg5 Kf6 $2 {[%mdl 8192] [#]} (32... Rf7 $11) 33. Rxf5+ $1 $18 Kxf5 {KP-KP} 34. b5 h6 35. Kf3 g5 36. fxg5 Kxg5 37. Ke4 Kh4 38. d5 {White mates.} exd5+ 39. Kxd5 Kxh3 40. Kc6 h5 41. Kxc7 {K3P-K3P} h4 42. c5 Kg4 43. cxb6 {K3P-KPP} h3 44. b7 h2 45. b8=Q h1=Q {KQ-KQ} 46. Qg8+ Kf5 47. Qf8+ Ke6 48. Qd6+ Kf7 49. b6 Qc1+ 50. Kb8 Ke8 51. b7 Qe1 52. Qd5 Ke7 53. Ka8 Qf1 54. b8=Q {Precision: White = 81%, Black = 52%.} 1-0

[Event "SCO Open 2018"]
[Site "Xingtai"]
[Date "2018.10.20"]
[Round "7"]
[White "Xiang, Zeyu"]
[Black "Oparin, Grigoriy"]
[Result "1/2-1/2"]
[WhiteElo "2409"]
[BlackElo "2624"]
[Annotator "TA"]
[PlyCount "45"]
[EventDate "2018.??.??"]
[EventCountry "CHN"]
[SourceTitle "playchess.com"]
[Source "ChessBase"]
[SourceQuality "1"]

{[%evp 14,45,21,2,16,8,37,1,0,0,14,9,14,0,11,0,25,4,7,7,19,0,0,-23,0,0,-3,-13,0,0,0,0,0,0]} 1. d4 d5 2. c4 e6 3. Nc3 Be7 4. Nf3 Nf6 5. Bf4 O-O 6. e3 Nbd7 7. a3 c6 8. h3 b6 {D37: Queen's Gambit Declined: 5 Bf4} 9. Bd3 Bb7 10. O-O dxc4 (10... c5 11. Qe2 cxd4 12. exd4 Rc8 13. Rad1 dxc4 14. Bxc4 Bxf3 15. gxf3 Nh5 16. Bh2 Bg5 17. Ba6 Bf4 18. Bxc8 Bxh2+ 19. Kxh2 Nf4 20. Bxd7 Qh4 21. Bxe6 fxe6 {0-1 (21) Moiseenko,A (2648)-Radjabov,T (2710) Bastia 2016}) 11. Bxc4 c5 12. dxc5 Rc8 $146 ({Predecessor:} 12... Nxc5 13. h4 Nce4 14. Nxe4 Nxe4 15. Qb3 Qe8 16. Rac1 {½-½ (32) Spala,J-Cervenka,R (1838) Orlova 2014}) 13. Qe2 Rxc5 14. Ba6 Qc8 15. Bxb7 Qxb7 16. Rfd1 Rfc8 17. Bg5 h6 18. Bh4 Nf8 19. Qd3 {The position is equal.} Rd8 20. Qe2 Rdc8 21. Qd3 Rd8 22. Qe2 Rdc8 23. Qd3 {Precision: White = 52%, Black = 34%.} 1/2-1/2

[Event "SCO Open 2018"]
[Site "Xingtai"]
[Date "2018.10.20"]
[Round "7"]
[White "Zhang, Ziji"]
[Black "Zvjaginsev, Vadim"]
[Result "0-1"]
[WhiteElo "2397"]
[BlackElo "2644"]
[Annotator "TA"]
[PlyCount "122"]
[EventDate "2018.??.??"]
[EventCountry "CHN"]
[SourceTitle "playchess.com"]
[Source "ChessBase"]
[SourceQuality "1"]

{[%evp 12,122,8,12,0,8,0,-39,-33,-42,-43,-49,-24,-28,-23,-23,-23,-28,-10,-24,-27,-55,-62,-67,-52,-52,-55,-100,-57,-51,-8,-17,-16,-18,-13,-82,-52,-52,-56,-52,-24,-55,-55,-69,-50,-51,-61,-114,-115,-124,-110,-120,-119,-107,-112,-96,-105,-120,-125,-118,-121,-144,-126,-154,-143,-139,-131,-172,-172,-170,-164,-174,-157,-182,-175,-218,-175,-187,-171,-219,-182,-196,-182,-229,-229,-229,-224,-224,-224,-229,-231,-231,-222,-231,-231,-231,-231,-411,-382,-341,-341,-341,-334,-789,-308,-713,-701,-696,-639,-1228,-1277,-1255,-1208]} 1. d4 Nf6 2. c4 d6 3. Nc3 e5 4. dxe5 dxe5 5. Qxd8+ Kxd8 6. Nf3 Nc6 7. Bg5 {LiveBook: 6 Partien. A53: Altindisch} Be6 8. O-O-O+ Kc8 $1 9. e3 {Die Stellung ist ausgeglichen.} (9. Bxf6 $5 gxf6 10. b3 $11) 9... Nd7 $1 10. Bh4 $146 ({Vorgänger:} 10. Be2 f6 11. Bh4 h5 12. h3 Nb6 13. Nd2 Bb4 14. g4 g5 {1-0 (63) Guasch Sariol,J (2119)-Garcia Cano,A (2287) Barcelona 2011}) 10... f6 11. Nd2 Ne7 12. f3 Nf5 13. Bf2 Bc5 14. Re1 Nd6 15. Be2 a5 {[%cal Ba7a5,Ba5a4][%mdl 32]} 16. Na4 Bb4 17. b3 Nc5 18. Nxc5 Bxc5 19. Kc2 a4 {Und weiter mit ...axb3+ wäre nett.} 20. Kc3 Nf5 {[%cal Bd6f5,Bf5e7,Be7d5][%mdl 32]} 21. Bd3 Rd8 22. Ne4 Ba3 23. Bc2 (23. Rb1 $11 {bleibt in der Remisbreite.}) 23... axb3 24. axb3 {[#]} b5 $1 $36 {[%csl Ga3][%cal Rb5b4][%mdl 2560] Schwarz hat Initiative.} 25. Bd3 $1 (25. cxb5 Ne7) 25... Ne7 {Schwarz will ...bxc4 spielen.} 26. Rd1 bxc4 27. Bxc4 Nd5+ 28. Kc2 c6 29. Nd2 (29. h4 $15) 29... Bc5 $17 30. Ra1 Nxe3+ 31. Bxe3 Bf5+ 32. Ne4 Rxa1 33. Rxa1 Bxe3 34. Ra8+ Kc7 35. Rxd8 Kxd8 {[%mdl 4096] Endspiel KLL-KLS} 36. b4 Bg6 37. b5 cxb5 38. Bxb5 f5 39. Nc3 Bg1 40. h3 Ke7 41. Kd2 Bf7 42. Bd3 g6 43. Ne2 Bf2 44. Nc3 Be6 45. Bb1 Bc5 46. Ke2 Bd4 47. Kd2 h5 {[%cal Bh7h5,Bh5h4][%mdl 32]} 48. Bd3 h4 49. Ne2 Bb6 50. Bc2 Kd6 51. Ba4 Bf7 52. Bc2 Ba5+ 53. Ke3 Bc4 54. Bb1 $2 {[#]} (54. Kf2 {ist eine bessere Verteidigung.}) 54... Be1 $19 55. f4 e4 {[%cal Be5e4,Be4e3][%mdl 32]} 56. Bc2 Ba5 57. Ba4 $2 (57. Kf2) 57... Ke7 $2 (57... Bb6+ 58. Kd2 e3+ 59. Kd1 Ba5) 58. Bd1 $2 (58. Bc6) 58... Bb6+ {Schwarz steht klar auf Gewinn.} 59. Kd2 Bf2 60. Ba4 e3+ 61. Kd1 Bd5 {Precision: Weiß = 36%, Schwarz = 70%.} 0-1

[Event "SCO Open 2018"]
[Site "Xingtai"]
[Date "2018.10.21"]
[Round "8"]
[White "Zvjaginsev, Vadim"]
[Black "Zhonghan, Ma"]
[Result "1-0"]
[WhiteElo "2644"]
[BlackElo "2496"]
[Annotator "TA"]
[PlyCount "109"]
[EventDate "2018.??.??"]
[EventCountry "CHN"]
[SourceTitle "playchess.com"]
[Source "ChessBase"]
[SourceQuality "1"]

{[%evp 15,109,16,16,7,7,16,27,22,31,29,29,28,47,15,20,16,31,20,67,64,79,79,79,79,83,75,69,74,82,87,143,135,137,116,119,109,112,104,105,86,87,81,114,116,145,139,180,162,140,142,201,198,198,198,217,214,214,226,501,434,410,316,833,829,748,727,526,355,1072,1055,1041,1011,1033,1015,836,903,941,977,905,913,879,863,821,511,630,534,1648,340,1545,1402,2520,4003,29970,29941,29978,29977]} 1. Nf3 Nf6 2. g3 d5 3. Bg2 g6 4. O-O Bg7 5. d4 O-O 6. c3 c6 7. Nbd2 Bf5 8. Nh4 Bg4 {LiveBook: 12 Games. D02: 1 d4 d5 2 Nf3 sidelines, including 2...Nf6 3 g3 and 2...Nf6 3 Bf4} 9. Re1 (9. Qe1 Nbd7 10. h3 Be6 11. f4 c5 12. g4 Nb6 13. f5 Bd7 14. Ndf3 cxd4 15. cxd4 Ne4 16. Ne5 {½-½ (36) Artemiev,V (2696)-Mamedyarov,S (2791) Sochi 2017}) 9... Na6 $146 ({Predecessor:} 9... Qc8 10. Qb3 Na6 11. Nf1 Nc7 12. Bf4 Nh5 13. Bg5 Re8 14. e4 dxe4 15. Bxe4 e5 16. dxe5 Rxe5 {1-0 (74) Certic,B (2413)-Paunovic,T (2355) Vrnjacka Banja 2009}) 10. Qb3 Qb6 {The position is equal.} 11. e4 dxe4 12. Nxe4 Nxe4 13. Bxe4 e5 14. Qxb6 (14. dxe5 {seems wilder.} Rfe8 15. Bf3 Be6 16. Qc2 Qc7 17. Bf4) 14... axb6 15. dxe5 Nc5 16. Bc2 Be6 17. a3 Nb3 18. Rb1 Nxc1 19. Rbxc1 Rfe8 20. f4 Rad8 21. Nf3 Bg4 22. Ng5 Re7 (22... Bf8 $142) 23. h3 $16 Be6 24. Nxe6 Rxe6 25. Rcd1 Ree8 26. Rxd8 Rxd8 27. Rd1 Rxd1+ 28. Bxd1 {[%mdl 4096] Endgame KB-KB} Kf8 29. Bg4 h5 30. Bc8 h4 31. Bxb7 hxg3 32. Kg2 g5 (32... c5 $16 33. Kxg3 Ke7) 33. fxg5 Bxe5 34. Bxc6 Bf4 35. b3 Kg7 36. Be4 Bxg5 $2 {[#]} (36... Bd6 37. h4 Bxa3 38. Kxg3 Bb2) 37. Kxg3 $18 Kf6 38. Bd5 Bc1 $2 (38... Kf5 39. Bxf7 Be7) 39. a4 Kg6 40. c4 Bd2 41. h4 {[%cal Bh3h4,Bh4h5][%mdl 32]} f5 $2 {[#]} (41... Bb4 42. h5+ Kxh5) 42. Bf3 Be1+ 43. Kh3 Kf6 44. h5 Bd2 45. Kg2 Ke5 46. Kf2 Kd4 47. Ke2 Bh6 48. Bd5 Bf8 49. Kf3 Ke5 50. Ke3 Bg7 51. Kd3 $2 (51. b4 Bf8 52. a5 bxa5 53. bxa5) 51... Bf8 $2 (51... Kd6 52. b4 Bf8) 52. Kc3 Kd6 53. Kb4 f4 54. Kb5 Kc7 55. b4 {Precision: White = 80%, Black = 34%.} 1-0

[Event "SCO Open 2018"]
[Site "Xingtai"]
[Date "2018.10.21"]
[Round "8"]
[White "Zhou, Jianchao"]
[Black "Vokhidov, Shamsiddin"]
[Result "1/2-1/2"]
[WhiteElo "2625"]
[BlackElo "2446"]
[Annotator "TA"]
[PlyCount "76"]
[EventDate "2018.??.??"]
[EventCountry "CHN"]
[SourceTitle "playchess.com"]
[Source "ChessBase"]
[SourceQuality "1"]

{[%evp 21,76,41,50,31,44,16,41,20,58,19,72,67,55,51,42,48,63,55,61,56,52,33,40,36,57,31,18,19,38,16,17,0,5,-9,19,18,14,15,10,10,11,10,10,10,14,3,3,8,6,10,10,10,25,0,11,0,33]} 1. Nf3 c5 2. c4 Nc6 3. Nc3 Nf6 4. g3 g6 5. Bg2 Bg7 6. d4 cxd4 7. Nxd4 O-O 8. O-O Qa5 9. e3 d6 {A39: Symmetrical English vs ...g6: 4 Bg2 Bg7 5 Nf3 Nf6 6 0-0 0-0 7 d4} 10. Bd2 Qa6 11. b3 Bg4 {LiveBook: 3 Games. White is slightly better.} 12. Qe1 Rac8 13. h3 Bd7 14. Qe2 Rfd8 {[#]} 15. Rfd1 $146 ({Predecessor:} 15. Rfe1 e6 16. Rac1 d5 17. cxd5 Qxe2 18. Rxe2 Nxd4 19. exd4 Nxd5 20. Nxd5 exd5 21. Bxd5 Bxd4 22. Rxc8 Bxc8 {½-½ (32) Radjabov,T (2724)-Bacrot,E (2720) Tromsoe 2014}) 15... Qb6 (15... Nxd4 $11 {remains equal.} 16. exd4 d5) 16. Rac1 $16 a6 17. Nxc6 Bxc6 18. e4 e6 19. Qe3 Qxe3 20. Bxe3 Bf8 21. a4 Nd7 22. a5 Re8 23. Rd2 f5 24. Rcd1 Nf6 {[%cal Rf6e4]} 25. exf5 gxf5 26. Bd4 Kf7 27. Na4 Nd7 28. Nb6 Nxb6 29. Bxb6 h5 30. Be3 Be7 31. h4 Bxg2 32. Kxg2 Rc6 33. Bf4 {[%cal Rf4d6]} e5 34. Bg5 Ke6 35. Rd5 Bf8 36. Be3 Be7 37. Bg5 Bf8 38. Be3 Be7 {Precision: White = 42%, Black = 66%.} 1/2-1/2

[Event "SCO Open 2018"]
[Site "Xingtai"]
[Date "2018.10.21"]
[Round "8"]
[White "Oparin, Grigoriy"]
[Black "Liu, Yan"]
[Result "1-0"]
[WhiteElo "2624"]
[BlackElo "2506"]
[Annotator "TA"]
[PlyCount "73"]
[EventDate "2018.??.??"]
[EventCountry "CHN"]
[SourceTitle "playchess.com"]
[Source "ChessBase"]
[SourceQuality "1"]

{[%evp 16,73,24,12,29,24,32,25,27,27,34,36,49,43,43,43,41,40,37,33,40,47,41,37,58,54,64,67,70,-20,-33,-37,-33,-53,144,141,526,545,538,158,509,500,573,543,1072,1072,942,370,645,644,1075,648,29983,29984,29984,29985,29985,29986,29982,3110]} 1. d4 Nf6 2. c4 e6 3. Nf3 b6 4. g3 Bb7 5. Bg2 Be7 6. O-O O-O 7. Nc3 Ne4 8. Bd2 Bf6 9. Re1 {LiveBook: 6 Partien. E18: Damenindisch (Hauptfortsetzung)} Qc8 10. Rc1 d6 11. Qc2 $146 {Weiß steht etwas besser.} ({Vorgänger:} 11. d5 Bxc3 12. Bxc3 e5 13. b4 a5 14. a3 axb4 15. axb4 Nd7 {1-0 (43) Grigoryan,K (2592)-Aroshidze,L (2565) Barbera del Valles 2014}) 11... Nxd2 12. Qxd2 c5 13. d5 Bxc3 14. Rxc3 e5 15. Nh4 Qd8 16. e4 Bc8 17. f4 Nd7 18. Nf5 Qf6 19. Rf1 Re8 20. g4 $36 {[%mdl 2048] Droht stark g5. Weiss hat Initiative.} Nf8 21. g5 Qd8 22. Nxg7 (22. Nh4 $14) 22... Kxg7 $11 23. f5 $1 Kh8 24. Rg3 Rb8 $2 {[#]} (24... Nd7 $15 {behält die Oberhand.}) 25. g6 $1 $16 {[%mdl 512]} Qf6 $2 {[%mdl 8192]} ({Falsch wäre} 25... hxg6 $2 26. Qh6+ Kg8 27. f6 $18) (25... fxg6 $16 26. fxg6 Nxg6 27. Rxg6 Rg8) (25... fxg6 26. fxg6) 26. g7+ $18 Kg8 {beabsichtigt ...Sd7.} 27. gxf8=Q+ (27. gxf8=B+ Kxf8 28. Rh3 Qh8 $18) 27... Kxf8 28. Rh3 $1 Kg7 29. Rff3 $1 {[%cal Bf1f3,Bf3g3,Bg3g6][%mdl 32]} h6 30. Rfg3+ Kh7 {[#]} 31. Bf3 $2 (31. Rg6 $3 {[%mdl 512]} fxg6 32. Qxh6+ (32. Rxh6+ Kg7 $14) 32... Kg8 33. Rg3) 31... Rh8 $2 {[#]} (31... Bxf5 32. exf5 Rg8) 32. Bh5 $1 {[%cal Rh5f7]} Rb7 33. Qg2 {Lxf7! ist eine echte Drohung.} Re7 {[#]} 34. Bxf7 $1 {[%mdl 512] Weiß setzt Matt.} Rxf7 35. Rg6 {[%csl Gg6][%cal Rh3h6]} Rg7 36. Rhxh6+ Kg8 37. Rxh8+ {Precision: Weiß = 75%, Schwarz = 44%.} (37. Rxg7+ $142 Qxg7 38. Rg6 Qxg6 39. Qxg6+ Kf8 40. Qf6+ Kg8 41. Qd8+ Kh7 42. Qe7+ Kh6 43. Qf6+ Kh5 44. Qxh8+ Kg4 45. Qxc8) 1-0

[Event "SCO Open 2018"]
[Site "Xingtai"]
[Date "2018.10.21"]
[Round "8"]
[White "Xu, Yi"]
[Black "Xiang, Zeyu"]
[Result "1/2-1/2"]
[WhiteElo "2536"]
[BlackElo "2409"]
[Annotator "TA"]
[PlyCount "70"]
[EventDate "2018.??.??"]
[EventCountry "CHN"]
[SourceTitle "playchess.com"]
[Source "ChessBase"]
[SourceQuality "1"]

{[%evp 14,70,16,7,14,14,9,7,17,0,4,4,4,7,0,11,11,0,0,0,2,0,0,0,18,18,20,18,24,15,22,17,19,12,20,19,37,10,17,24,27,16,20,20,17,12,12,12,7,0,0,0,0,0,0,0,0,0,4]} 1. e4 e5 2. Bc4 Nf6 3. d3 Bc5 4. Nf3 Nc6 5. O-O d6 6. c3 O-O 7. h3 h6 8. Re1 Bb6 {C54: Giuoco Piano: 4 c3 Nf6, main lines with 5 d4 and 5 d3} (8... a5 9. Bb3 Bd7 10. Nbd2 a4 11. Bc2 b5 12. Nf1 Bb6 13. Ng3 Ne7 14. d4 Ng6 15. Be3 Re8 16. Qd2 {1-0 (45) Aronian,L (2767)-Caruana,F (2822) chess.com INT 2018}) 9. a4 a5 10. Nbd2 Ne7 11. d4 $146 ({Predecessor:} 11. Nf1 Ng6 12. Bb3 Re8 13. Ng3 Be6 14. Bc2 d5 15. exd5 Bxd5 {0-1 (56) Jumabayev,R (2612)-Cheparinov,I (2710) Riadh 2017}) 11... Nc6 {[%cal Re5d4]} 12. dxe5 Nxe5 13. Nxe5 dxe5 14. Qe2 Qe7 15. Bb3 c6 16. Nc4 Bc7 17. Bc2 Be6 18. b3 Rfd8 19. Ba3 Qe8 20. Red1 Rxd1+ 21. Rxd1 Bxc4 22. Qxc4 Rd8 23. Rd3 Rxd3 24. Qxd3 Qd7 25. Qe3 Qd8 26. g3 Bb6 27. Qe2 h5 {The position is equal.} 28. Bc1 g6 29. Kg2 h4 30. Qd3 Qe7 31. Bg5 hxg3 32. Qf3 Kg7 33. fxg3 Qd6 34. Qxf6+ Qxf6 35. Bxf6+ Kxf6 {Precision: White = 68%, Black = 73%.} 1/2-1/2

[Event "SCO Open 2018"]
[Site "Xingtai"]
[Date "2018.10.21"]
[Round "8"]
[White "Lalith Babu M R"]
[Black "Dai, Changren"]
[Result "1/2-1/2"]
[WhiteElo "2518"]
[BlackElo "2433"]
[Annotator "TA"]
[PlyCount "107"]
[EventDate "2018.??.??"]
[EventCountry "CHN"]
[SourceTitle "playchess.com"]
[Source "ChessBase"]
[SourceQuality "1"]

{[%evp 17,107,20,35,0,6,-11,-12,-16,0,0,12,0,-5,-21,-1,-18,-4,0,-11,-22,0,0,0,-28,-27,-23,0,0,16,0,0,0,0,0,0,0,0,0,0,-8,0,6,6,5,4,0,0,0,0,-16,-16,-18,0,-11,0,0,0,0,0,0,11,0,6,0,0,0,0,0,0,0,23,16,23,31,22,23,27,29,32,40,38,39,37,24,26,8,36,0,29,0,30,0]} 1. Nf3 Nf6 2. c4 e6 3. d4 d5 4. g3 Bb4+ 5. Bd2 Be7 6. Bg2 O-O 7. O-O Nbd7 8. Qc2 c6 9. Bf4 Ne4 {[%cal Bf6e4,Be4d6,Bd6f5][%mdl 32]} 10. Nfd2 {E08: Closed Catalan: Main Line: 7 Qc2} (10. h4 Ndf6 11. Nbd2 Nxd2 12. Nxd2 Nh5 13. Be3 f5 14. Bf3 Qe8 15. Bg5 Nf6 16. e3 b6 17. Rac1 Ba6 {½-½ (43) Meier,G (2648)-Carlsen,M (2843) Karlsruhe/Baden-Baden 2018}) 10... g5 11. Be3 Nd6 $1 12. f3 {The position is equal.} f5 13. Bf2 f4 14. e4 fxe3 15. Bxe3 Nf5 16. Bf2 Bf6 17. Nb3 a5 $146 {Threatening ...a4.} ({Predecessor:} 17... Nb6 18. N1d2 {½-½ (18) Cherniaev,A (2426)-Tarjan,J (2408) Sault Ste Marie 2017}) 18. a4 dxc4 19. Qxc4 Nb6 20. Qc3 Nd5 21. Qd2 Qb6 22. Nc5 Qb4 23. Rd1 Nde3 24. Bxe3 {[#] And now Bf2 would win.} Qxd2 25. Bxd2 {Bc3 is the strong threat.} Bxd4+ 26. Kh1 {Hoping for Ne4.} Bxc5 27. Bxg5 e5 28. Nc3 Be6 29. Re1 Bd4 30. g4 Ng7 31. Bh4 Bb3 32. Bg3 Rae8 {[%cal Ba8e8,Be8e6,Be6f6,Bf6f3][%mdl 32]} 33. Ne4 Bd5 34. Rad1 h6 35. h3 Re6 36. Kh2 {[%cal Bh1h2,Bh2g2,Bg2g3][%mdl 32]} Bb3 37. Rc1 b6 38. Nc3 Rfe8 39. Bf1 Rf8 40. Kg2 Ref6 41. Bxe5 Bxe5 42. Rxe5 Rxf3 43. Be2 Rf2+ 44. Kg3 c5 45. Re3 {Threatens to win with Ne4.} R2f4 46. Bf3 Rb4 47. Bc6 Kh8 48. Rce1 Bg8 49. R1e2 Rd4 50. Bb5 Rd6 51. Ne4 Rd1 52. Nc3 Rd6 53. Ne4 Rd1 54. Nc3 {Precision: White = 63%, Black = 65%.} 1/2-1/2